| 000 | 02890nam a2200289Ia 4500 | ||
|---|---|---|---|
| 003 | CO-CtgCURN | ||
| 005 | 20250929215752.0 | ||
| 008 | 190724s1993 xx 000 0 und d | ||
| 020 | _a9589288251 | ||
| 040 |
_aCO-CtgCURN _bspa _ccoctgcurn |
||
| 082 |
_a363.6 _bM843c |
||
| 100 |
_aMoreno Albarán, Efrain _eautor |
||
| 245 | 0 |
_aEl contrato de suscripción en el servicio telefónico : _bembargo de líneas telefónicas : acción de tutela por sustentación de las peticiones / _cEfrain Moreno Albarán; prologo., Hugo Armando Bohórquez Chavarro |
|
| 250 | _a1 edición | ||
| 260 |
_aBogotá, Colombia : _bEdiciones Doctrina y Ley; _c1993 |
||
| 300 |
_a191 páginas ; _c20 centímetros |
||
| 500 | _aIncluye prólogo e índice | ||
| 505 | _aCap. I. El contrato o convención -- Cap. II. El contrato de suscripción -- Cap. III. Las partes en el contrato de suscripción -- Cap. IV. El derecho de suscripción no es un derecho real -- Cap. V. El contrato de suscripción en algunos procesos -- Cap. VI. El contrato de suscripçion en algunos actos -- Cap. VII. Junta nacional de tarifas de servicios públicos -- Cap. VIII. Juntas o consejos directivos de entidades descentralizadas del orden municipal que prestan servicios públicos -- Cap. IX. Embargo y secuestro de líneas telefónicas. | ||
| 520 | _aEsta obra presentada en un lenguaje claro y sencillo, es de gran importancia en el acontecer diario de muchos colombianos porque contiene especialmente los derechos que la Nueva Carta Políticas y la LEy han reconocido a todos los habitantes del territorio nacional en lo atinente al servicio telefónico, las obligaciones a cargo de las empresas que lo prestan, los criterios que fundamentan el señalamiento de las tarifas, la procedencia de la acción de tutela contra aquellos funcionarios que desatienden sus reclamos, la conformación de las juntas directivas de las empresas respectivas. De otra parte, aclara los conceptos erróneos que en ocasiones formulan sobre el derecho a la prestación del servicio, a la línea telefónica, sobre los cargos que facturan y las únicas tarifas que se deban cobrar, por lo tanto, constituye obligado texto de consulta para quienes deseen tener información concreta y amplia en cuanto a los aspectos del contrato de suscripción en el servicio telefónico; pues solamente conociendo los derechos y obligaciones de las partes intervinientes en la relación jurídica que aquel origina, es posible establecer un acertada reclamación y obtener solución ajustada a la legalidad. | ||
| 521 | _aAREA SOCIOHUMANISTICA | ||
| 590 | _aPrograma de Derecho_18 | ||
| 650 | _aContratos de servicios públicos | ||
| 650 | _aSistemas de telecomunicación | ||
| 700 |
_aBohórquez Chavarro; Hugo Armando _eprólogo |
||
| 942 |
_cBK _h363.6 _iM843c _2ddc |
||
| 999 |
_c29878 _d29878 |
||